000 00666cam a2200229 4500500
005 20260405002753.0
041 _afre
042 _adc
100 1 0 _aLacroix, Alexandre
_eauthor
245 0 0 _a“La sensibilité est-elle une faiblesse ?”
260 _c2018.
500 _a99
690 _aCharles Pépin
690 _aÉternité
690 _aFaiblesse
690 _aForce
690 _aRationalité
690 _aSensibilité
690 _aSpinoza
786 0 _nPhilosophie magazine | 123 | 10 | 2018-10-01 | p. 2-2 | 1951-1787
856 4 1 _uhttps://shs.cairn.info/magazine-philosophie-magazine-2018-10-page-2?lang=fr&redirect-ssocas=7080
999 _c2060961
_d2060961